000 00812nam a2200241Ia 4500
003 OSt
005 20220923220609.0
006 a|||||r|||| 00| 0
007 ta
008 220922b |||||||| |||| 00| 0 hin d
024 _a187,833
037 _cTextual
040 _aARTS
_cARTS
_bhin
041 _2hin
_ahin
082 _aW6, 152L2
100 _aतिलक, राधुकुल
245 0 _aलोकतंत्र
_b स्वरूप एवं समस्याएं
246 _aLokatantra: svarūp evan samasyāean
260 _aलखनऊ
_b उत्तर प्रदेश हिन्दी गं्रथ अकादमी
_c1972
300 _a594 पृ.
_ccm.
942 _hW6, 152L2
_cTEXL
_2CC
999 _c340910
_d340910